MARC details
| 000 -LEADER |
| fixed length control field |
02016cam a22004695i 4500 |
| 001 - CONTROL NUMBER |
| control field |
13916346 |
| 003 - CONTROL NUMBER IDENTIFIER |
| control field |
EG-ScBUE |
| 005 - DATE AND TIME OF LATEST TRANSACTION |
| control field |
20201108131711.0 |
| 008 - FIXED-LENGTH DATA ELEMENTS--GENERAL INFORMATION |
| fixed length control field |
050331t20052005flufo g b 001 0 eng d |
| 020 ## - INTERNATIONAL STANDARD BOOK NUMBER |
| International Standard Book Number |
015603056X |
| 020 ## - INTERNATIONAL STANDARD BOOK NUMBER |
| International Standard Book Number |
9780156030564 |
| 040 ## - CATALOGING SOURCE |
| Original cataloging agency |
DLC |
| Language of cataloging |
eng |
| Description conventions |
rda |
| Transcribing agency |
DLC |
| Modifying agency |
DLC |
| -- |
EG-ScBUE |
| 043 ## - GEOGRAPHIC AREA CODE |
| Geographic area code |
n-us--- |
| 082 04 - DEWEY DECIMAL CLASSIFICATION NUMBER |
| Classification number |
813.52 |
| Item number |
REH |
| Edition number |
22 |
| 100 1# - MAIN ENTRY--PERSONAL NAME |
| Personal name |
Rehak, Melanie, |
| Relator term |
author. |
| 9 (RLIN) |
34219 |
| 245 10 - TITLE STATEMENT |
| Title |
Girl sleuth : |
| Remainder of title |
Nancy Drew and the women who created her / |
| Statement of responsibility, etc |
Melanie Rehak. |
| 264 #1 - PUBLICATION, DISTRIBUTION, ETC. (IMPRINT) |
| Place of publication, distribution, etc |
Orlando, Florida : |
| Name of publisher, distributor, etc |
A Harvest Book / Harcourt, Inc., |
| Date of publication, distribution, etc |
[2005] |
| 264 #4 - PUBLICATION, DISTRIBUTION, ETC. (IMPRINT) |
| Date of publication, distribution, etc |
c2005 |
| 300 ## - PHYSICAL DESCRIPTION |
| Extent |
xviii, 364 pages : |
| Other physical details |
photograph, plates ; |
| Dimensions |
24 cm |
| 336 ## - CONTENT TYPE |
| Content type term |
text |
| Content type code |
txt |
| Source |
rdacontent |
| 337 ## - MEDIA TYPE |
| Media type term |
unmediated |
| Media type code |
n |
| Source |
rdamedia |
| 338 ## - CARRIER TYPE |
| Carrier type term |
volume |
| Carrier type code |
nc |
| Source |
rdacarrier |
| 504 ## - BIBLIOGRAPHY, ETC. NOTE |
| Bibliography, etc |
Includes bibliographical references and index. |
| 586 ## - AWARDS NOTE |
| Awards note |
Winner of the Edgar Award for best biography |
| 586 ## - AWARDS NOTE |
| Awards note |
A chicago Tribune best book of the year |
| 586 ## - AWARDS NOTE |
| Awards note |
Winner of the Agatha Award for non-fiction |
| 600 17 - SUBJECT ADDED ENTRY--PERSONAL NAME |
| Personal name |
Wirt, Mildred A. |
| Fuller form of name |
(Mildred Augustine), |
| Dates associated with a name |
1905- |
| General subdivision |
Characters |
| -- |
Nancy Drew. |
| Source of heading or term |
BUEsh |
| 9 (RLIN) |
34220 |
| 600 17 - SUBJECT ADDED ENTRY--PERSONAL NAME |
| Personal name |
Adams, Harriet Stratemeyer |
| General subdivision |
Characters |
| -- |
Nancy Drew. |
| Source of heading or term |
BUEsh |
| 9 (RLIN) |
34221 |
| 600 17 - SUBJECT ADDED ENTRY--PERSONAL NAME |
| Personal name |
Keene, Carolyn |
| General subdivision |
Characters |
| -- |
Nancy Drew. |
| Source of heading or term |
BUEsh |
| 9 (RLIN) |
34222 |
| 610 27 - SUBJECT ADDED ENTRY--CORPORATE NAME |
| Corporate name or jurisdiction name as entry element |
Stratemeyer Syndicate. |
| Source of heading or term |
BUEsh |
| 9 (RLIN) |
34223 |
| 650 #7 - SUBJECT ADDED ENTRY--TOPICAL TERM |
| Topical term or geographic name as entry element |
Detective and mystery stories, American |
| General subdivision |
History and criticism. |
| Source of heading or term |
BUEsh |
| 9 (RLIN) |
34224 |
| 650 #7 - SUBJECT ADDED ENTRY--TOPICAL TERM |
| Topical term or geographic name as entry element |
Women and literature |
| Geographic subdivision |
United States |
| General subdivision |
History |
| Chronological subdivision |
20th century. |
| Source of heading or term |
BUEsh |
| 9 (RLIN) |
34225 |
| 650 #7 - SUBJECT ADDED ENTRY--TOPICAL TERM |
| Topical term or geographic name as entry element |
American fiction |
| General subdivision |
Women authors |
| -- |
History and criticism. |
| Source of heading or term |
BUEsh |
| 9 (RLIN) |
34226 |
| 650 #7 - SUBJECT ADDED ENTRY--TOPICAL TERM |
| Topical term or geographic name as entry element |
Young adult fiction, American |
| General subdivision |
History and criticism. |
| Source of heading or term |
BUEsh |
| 9 (RLIN) |
34227 |
| 650 #7 - SUBJECT ADDED ENTRY--TOPICAL TERM |
| Topical term or geographic name as entry element |
Young adult fiction |
| General subdivision |
Publishing |
| Geographic subdivision |
United States. |
| Source of heading or term |
BUEsh |
| 9 (RLIN) |
34228 |
| 650 #7 - SUBJECT ADDED ENTRY--TOPICAL TERM |
| Topical term or geographic name as entry element |
Girls |
| General subdivision |
Books and reading |
| Geographic subdivision |
United States. |
| Source of heading or term |
BUEsh |
| 9 (RLIN) |
34229 |
| 650 #7 - SUBJECT ADDED ENTRY--TOPICAL TERM |
| Topical term or geographic name as entry element |
Drew, Nancy (Fictitious character) |
| Source of heading or term |
BUEsh |
| 9 (RLIN) |
34230 |
| 650 #7 - SUBJECT ADDED ENTRY--TOPICAL TERM |
| Topical term or geographic name as entry element |
Teenage girls in literature. |
| Source of heading or term |
BUEsh |
| 9 (RLIN) |
34231 |
| 651 ## - SUBJECT ADDED ENTRY--GEOGRAPHIC NAME |
| Source of heading or term |
BUEsh |
| 653 ## - INDEX TERM--UNCONTROLLED |
| Resource For college |
Humanities: English |
| Arrived date list |
October2013 |
| 942 ## - ADDED ENTRY ELEMENTS (KOHA) |
| Source of classification or shelving scheme |
Dewey Decimal Classification |
| Koha item type |
Book - Borrowing |